000 00666nam a2200241Ia 4500
003 OSt
005 20220925165333.0
006 a|||||r|||| 00| 0
007 ta
008 220923b |||||||| |||| 00| 0 eng d
037 _cGeneral Book
040 _aRTL
_cRTL
_beng
041 _2eng
_aeng
082 _aX:546-6.2.N7, M0
100 _aUpadhyaya K K
_9233079
245 0 _aImport financing in India
260 _aAllahbad
_bChugh Publication
_c1980
300 _axii,432p
_ccm.
500 _aBibliography: P 380-426
650 _aImport
_9233080
942 _hX:546-6.2.N7, M0
_cGB
_2CC
999 _c476998
_d476998